Global banking

Uložené v:
Podrobná bibliografia
Hlavný autor: Smith, Roy C.
Ďalší autori: Walter, Ingo
Médium: Kniha
Jazyk:English
Vydavateľské údaje: New York Oxford University Press 2003
Vydanie:2. ed.
Predmet:
Tagy: Pridať tag
Žiadne tagy, Buďte prvý, kto otaguje tento záznam!

MARC

LEADER 00000nam$a2200000$$$4500
001 0002634
005 20240306135222.0
020 |a 0-19-513436-2 
041 0 |a eng 
044 |a US 
245 1 0 |a Global banking  |c Roy C. Smith, Ingo Walter 
250 |a 2. ed. 
264 1 |a New York  |b Oxford University Press  |c 2003 
300 |a 438 s. 
610 2 0 |a bankovníctvo 
610 2 0 |a globalizácia 
610 2 0 |a konkurencia 
610 2 0 |a pohľadávky 
610 2 0 |a trh devízový 
610 2 0 |a obligácie 
610 2 0 |a swap 
610 2 0 |a papiere cenné 
610 2 0 |a pôžičky medzinárodné 
610 2 0 |a banky 
610 2 0 |a financovanie projektové 
610 2 0 |a fúzie 
610 2 0 |a akvizícia 
610 2 0 |a privatizácia 
610 2 0 |a aktíva 
610 2 0 |a manažment 
610 2 0 |a poistenie 
610 2 0 |a riziko 
100 1 |a Smith, Roy C. 
700 1 |a Walter, Ingo